Statistiques concernant Personnages de Star Wars (Ep 1 à 8)

Cliquez ici pour prendre le quiz!

Statistiques générales

  • Ce quiz a été pris 293 fois
    (264 depuis la dernière actualisation)
  • Le résultat moyen est 32 sur 143

Statistiques - réponses

Vu dans les épisodesRéponse% Correct
I II III IV V VIAnakin Skywalker / Dark Vador
93%
I II III V VIYoda
92%
III IV V VI VII VIIILeïa Organa
91%
III IV V VI VII VIIILuke Skywalker
89%
I II III V VIPalpatine
89%
IV V VI VIIHan Solo
88%
I II III IVObi-Wan Kenobi
82%
VII VIIIRey
79%
I II III IV V VI VIIR2-D2
77%
I II III IV V VI VII VIIIC-3PO
75%
III IV V VI VII VIIIChewbacca
75%
IDark Maul
75%
VII VIIIFinn
75%
I II IIIMace Windu
74%
I II IIIPadmé Amidala
74%
VII VIIIKylo Ren / Ben Solo
70%
I II IIIJar Jar Binks
62%
II IV V VIBoba Fett
61%
VII VIIIPoe Dameron
61%
II IIIComte Dooku / Dark Tyranus
60%
I IV VIJabba le Hutt
60%
IIJango Fett
59%
VII VIIIBB-8
56%
IQui-Gon Jinn
56%
V VILando Calrissian
55%
IIIGrievous
51%
VII VIIISnoke
46%
VIIIRose Tico
43%
VII VIIIArmitage Hux
40%
I II IIIPlo Koon
40%
I IIShmi Skywalker
40%
II IIIBail Organa
39%
VI VII VIIIGial Ackbar
39%
III IVWilhuff Tarkin
37%
II IIIKit Fisto
36%
IIICommandant Cody
35%
I II IIIKi-Adi Mundi
35%
VII VIIICapitaine Phasma
34%
IIICommandant Gree
34%
II III IVOwen Lars
30%
I II IIINute Gunray
29%
IYaddle
28%
ISebulba
27%
IVGreedo
25%
VII VIIIMaz Kanata
23%
III IVMon Mothma
23%
I IIWatto
23%
VIWicket
22%
II IIIAayla Secura
21%
V VIBossk
21%
II III IVBeru Lars
20%
I VIBib Fortuna
20%
II IIILuminara Unduli
19%
II IIIPoggle Le Bref
18%
I IIIBoss Nass
17%
VIG-88
17%
IILama Su
17%
II IIIShaak Ti
17%
IQuarsh Panaka
15%
IValorum
15%
VLobot
14%
I IIAdi Gallia
13%
V VIFirmus Piett
12%
II IIIAgen Kolar
11%
IIColeman Trebor
11%
I IIEeth Koth
11%
ISabé
11%
IIITarfful
11%
IIZam Wesell
11%
IIJocasta Nu
10%
VMaximillian Veers
10%
I IIOppo Rancisis
10%
II IIIStass Allie
10%
II IIIGregar Typho
9%
VIILor San Tekka
9%
IIBarriss Offee
8%
IICliegg Lars
8%
IIICommandant Bly
8%
I IIDepa Billaba
8%
I IIEven Piell
8%
VI VII VIIINien Nunb
8%
III IVRaymus Antilles
8%
II IIIWat Tambor
8%
IYarael Poof
8%
IIICommandant Bacara
7%
VKendal Ozzel
7%
VILogray
7%
VZuckuss
7%
V VI4-LOM
6%
VIChirpa
6%
IIICommandant Neyo
6%
IVCrix Madine
6%
I II IIIMas Ameda
6%
VIMax Rebo
6%
IVPonda Baba
6%
IITaun We
6%
IAurra Sing
5%
IVCornelius Evazan
5%
VLorth Needa
5%
I II IIISaesee Tiin
5%
II IIISan Hill
5%
I II IIISio Bibble
5%
IIIApailana
4%
II IIIR4-P17
4%
I II IIIRune Haako
4%
VITeebo
4%
VCarlist Rieekan
3%
VIOola
3%
I II IIIPassel Argente
3%
VITiaan Jerjerrod
3%
II IIIZett Jukassa
3%
III V VI2-1B
2%
VI8D8
2%
IIBultar Swan
2%
IIICin Drallig
2%
IIDexter Jettster
2%
IVFigrin D'An
2%
IVGarindan
2%
IVJan Dodonna
2%
VIJ'Quille
2%
VIMalakili
2%
IIIR4-G9
2%
VISalacious Crumb
2%
II IIIShu Mai
2%
II IIISly Moore
2%
VIYarna
2%
VIAiren Cracken
1%
VIDroopy McCool
1%
VIEV-9D9
1%
III VIGreeata
1%
VILyn Me
1%
VIRappertunie
1%
III VIRystàll
1%
VISaelt-Marae
1%
VISy Snootles
1%
VITen Numb
1%
IIITion Medon
1%
IIElan Sleazebaggano
0%
IVMuftak
0%
IIIPolis Massan
0%
ISei Taria
0%
VITessek
0%
VIYuzzum
0%

Distribution des résultats

Percentile par nombre de réponses

% des personnes avec chaque résultat

Votre développement - résultats

Vous n’avez pas pris ce quiz depuis la dernière actualisation